Регионална библиотека "Любен Каравелов" - Русе

Essais de psychologie cellulaire (Запис номер 409436)

MARC детайли
000 -Лидер
Контролно поле с фиксирана дължина nam a22 a 4500
003 - Код на организацията, давaща контролен номер
Контролно поле BLK
005 - Дата и час на последна редакция
Контролно поле 20210419130035.0
008 - Елементи от данни с фиксирана дължина
fixed length control field 210413b bu |||||r|||| 00| 0 bu d
040 ## - Източник на каталожния запис
Идентификатор на билиотеката - собственик на записа BLK
041 ## - Код за език
Код за езика на текст/звукозапис или на отделно заглавие Френски
Код за езика КДБФ Френски
080 ## - УДК
Текстов определител УДК Материални основи на живота. Биохимия. Молекулярна биология. Биофизика. Вж и 576.3; 612.015
УДК код - определител по УДК 577
УДК - код + определител 577
100 ## - Редна дума - Автор
R(LIN) 324461
Автор Haeckel, Ernest
Авторска отговорност първи автор
139 ## - Редно поле
Редна дума Haeckel, Ernest
245 ## - Сведения за заглавието
Заглавие Essais de psychologie cellulaire
Редно поле (дума) Ernest Haeckel; Traduit de l'allemand et précédé d'une préface, par Jules Soury
257 ## - Страна на издаване
Страна на създаване/издаване Франция
260 ## - Област на издателските данни
9 (RLIN) 219264
Място на издаване, разпространение и проч. Paris
Име на издателя, разпространителя и проч. Germer Bailliere
Година на издаване 1880
300 ## - Физическа характеристика
Страници XXIX-159 p.
Размери/Мащаб 18 см
380 ## - Жанр
Жанр Естествени науки. Математика
490 ## - СЕРИИ (Колекции)
9 (RLIN) 435080
Име на серия Колекция Редки и ценни издания
650 #7 - Допълнително описание по предмет – тема
9 (RLIN) 148751
Основно описание – тема или топоним Биохимия
852 ## - Местоположение
Форматна сигнатура Рф 880
Фондова буква Редки и ценни
999 ## - СИСТЕМНИ КОНТРОЛНИ НОМЕРА
Koha biblionumber 409436
Koha biblioitemnumber 409436
942 ## - АРТИКУЛИ
Вид на библиотечния материал Книги
Скрит в OPAC Не
Периодичен библиозапис Да
944 ## - СЪЗДАВАНЕ И РЕДАКЦИЯ на ЗАПИСА
Създаване/Редакция Създаване
Дата на регистрацията/редакция 2021-04-19
Служител, извършил регистрацията/редакцията НР
999 ## - СИСТЕМНИ КОНТРОЛНИ НОМЕРА
Koha biblioitemnumber 409436
Наличности
Код за отписване Код за изгубен артикул Източник на класификационната схема Код за повреда Коз за рестрикции Код за отдаване Артикулен № Име на библиотеката - собственик Име на библиотеката, в която се намира в момента Статус (Текущо местоположение) Дата на вписване в системата Местоположение - отдел Цена в лева Инвентарен номер Систематично азбучна сигнатура Баркод Цена в евро Служебен тип на артикула
  Не е изгубен Universal Decimal Classification Не е повреден само за читалня Специални фондове ( старопечатни, редки и ценни, фонд М. Арнаудов) 854889 Регионална библиотека "Любен Каравелов" Русе Регионална библиотека "Любен Каравелов" Русе Редки и ценни 2021-09-24 Редки и ценни 0.40 10569 Рф 880 900000052810 0.20 Книги
Vip Innovations Ltd, Rousse, Bulgaria 2025